Composición mecánica Saiz
Descripción Física:
[52] p. ; 22 cm
Otros Autores:
Saiz (Firma)
MARC
| LEADER | 00000nam a2200000Ia 4500 | ||
|---|---|---|---|
| 001 | 13925 | ||
| 008 | 160829s9999 xx 000 0 cat d | ||
| 080 | |a C-2-233 | ||
| 245 | |a Composición mecánica Saiz | ||
| 260 | |a Barcelona : |b Saiz, [19-- ?] | ||
| 300 | |a [52] p. ; |c 22 cm | ||
| 650 | |a Composició tipogràfica |9 38867 | ||
| 650 | |a Saiz (Firma) |9 38868 | ||
| 700 | |a Saiz (Firma) |9 38868 | ||
| 901 | |a Arxiu | ||
| 942 | |n 1 | ||
| 952 | |0 0 |1 0 |4 0 |6 C2233 |7 1 |9 48655 |a Arxiu |b Arxiu |d 2016-12-01 |l 0 |o C-2-233 |p 13925 |r 2016-12-01 00:00:00 |w 2016-12-01 |y ARXIU | ||
| 999 | |c 52485 |d 52485 | ||